Deutsch für Ingenieure: Ein DaF - Lehrwerk für Studierende ingenieurwissenschaftlicher Fächer, 2. Auflage /

Gespeichert in:
Bibliographische Detailangaben
Hauptverfasser: Steinmetz, Maria (Verfasst von), Dintera, Heiner (Verfasst von)
Format: Buch
Sprache:Deutsch
Veröffentlicht: Wiesbaden: Springer Vieweg, 2018
Ausgabe:2. vydanie
Schriftenreihe:VDI-Buch
Schlagworte:
Tags: Tag hinzufügen
Keine Tags, Fügen Sie das erste Tag hinzu!

MARC

LEADER 00000nam a22000003a 4500
001 0076257
003 SK-STU
005 20191003103803.7
007 ta
008 191003s ----xo-----e------000-0-----d
020 |a 978-3-658-19768-1 
040 |a STU  |b slo 
041 0 |a ger  |h ger 
044 |a gw 
100 1 |a Steinmetz, Maria  |4 aut  |r Z6 
245 1 0 |a Deutsch für Ingenieure:  |b Ein DaF - Lehrwerk für Studierende ingenieurwissenschaftlicher Fächer, 2. Auflage /  |c aut. Maria Steinmetz, Heiner Dintera 
250 |a 2. vydanie 
260 |a Wiesbaden:  |b Springer Vieweg,  |c 2018 
300 |a 400 s. 
490 0 |a VDI-Buch 
650 0 7 |a nemecký jazyk 
650 0 7 |a Inžinierstvo 
700 1 |a Dintera, Heiner  |r Z6  |4 aut 
996 |c V* 52924/O-24081  |l VV19  |s P  |a 0  |w 0076257_0001